Tự nhiên và xã hội 1

שמור ב:
מידע ביבליוגרפי
מחברים אחרים: Bùi, Phương Nga (Chủ biên), Lương, Việt Thái, Mãi, Sỹ Tuấn (Tổng chủ biên), Nguyễn, Thị Thu Trang, Nguyễn, Tuyết Nga
פורמט: ספר
יצא לאור: Hà Nội Đại học Sư phạm Hà Nội 2020
סדרה:Cánh Diều
נושאים:
תגים: הוספת תג
אין תגיות, היה/י הראשונ/ה לתייג את הרשומה!
Thư viện lưu trữ: Trung tâm Học liệu Lê Vũ Hùng, Trường Đại học Đồng Tháp
LEADER 01155pam a22002898a 4500
001 00045489
005 20200521100554.0
008 170518s2006 ||||||Viesd
020 # # |a 9786045459232  |c 27000 
041 0 # |a Vie 
082 1 4 |a 372.3  |b T550NH 
245 1 0 |a Tự nhiên và xã hội 1  |c Mai Sỹ Tuấn (tổng chủ biên); Bùi Phương Nga (chủ biên); Nguyễn Tuyết Nga,... [những người khác] 
260 # # |a Hà Nội  |b Đại học Sư phạm Hà Nội  |c 2020 
300 # # |b minh họa màu  |a 143 tr.  |c 27 cm 
490 # # |a Cánh Diều 
653 # # |a Lớp 1 
653 # # |a Sách giáo khoa 
653 # # |a Tự nhiên và xã hội 
653 # # |a Tiểu học 
700 # # |a Bùi, Phương Nga  |e Chủ biên 
700 # # |a Lương, Việt Thái 
700 # # |a Mãi, Sỹ Tuấn  |e Tổng chủ biên 
700 # # |a Nguyễn, Thị Thu Trang 
700 # # |a Nguyễn, Tuyết Nga 
852 # # |j KGT.0059240  |j KD.0026742  |j KGT.0059242  |j KGT.0059243  |j KGT.0059241 
910 # # |d 21/5/2020 
980 # # |a Trung tâm Học liệu Lê Vũ Hùng, Trường Đại học Đồng Tháp